LEADER 02220nam0 22004813i 450 001 VAN0190214 005 20230613092604.709 017 70$2N$a9783319278773 100 $a20210722d2017 |0itac50 ba 101 $aeng 102 $aCH 105 $a|||| ||||| 200 1 $aMechanics and Thermodynamics$fWolfgang Demtröder 210 $aCham$cSpringer$d2017 215 $axvi, 450 p.$cill.$d24 cm 410 1$1001VAN0117860$12001 $aUndergraduate lecture notes in physics$1210 $aBerlin [etc.]$cSpringer 500 1$3VAN0190227$aMechanics and Thermodynamics$91832319 606 $a76-XX$xFluid mechanics [MSC 2020]$3VANC019858$2MF 606 $a34-XX$xOrdinary differential equations [MSC 2020]$3VANC021251$2MF 606 $a70-XX$xMechanics of particles and systems [MSC 2020]$3VANC021390$2MF 606 $a82-XX$xStatistical mechanics, structure of matter [MSC 2020]$3VANC021931$2MF 606 $a80-XX$xClassical thermodynamics, heat transfer [MSC 2020]$3VANC022357$2MF 606 $a74-XX$xMechanics of deformable solids [MSC 2020]$3VANC022466$2MF 606 $a00A79 (77-XX)$xPhysics [MSC 2020]$3VANC023182$2MF 610 $aTextbook Classical Mechanics$9KW:K 610 $aTextbook Continuum Mechanics$9KW:K 610 $aTextbook Hydrodynamics$9KW:K 610 $aTextbook Mechanics$9KW:K 610 $aTextbook Nonlinear Dynamics$9KW:K 610 $aTextbook Oscillation Waves Mechanics$9KW:K 610 $aTextbook Special Relativity$9KW:K 610 $aTextbook Thermodynamics$9KW:K 620 $aCH$dCham$3VANL001889 700 1$aDemtröder$bWolfgang$3VANV106995$046210 712 $aSpringer $3VANV108073$4650 801 $aIT$bSOL$c20240614$gRICA 856 4 $uhttp://doi.org/10.1007/978-3-319-27877-3$zE-book ? Accesso al full-text attraverso riconoscimento IP di Ateneo, proxy e/o Shibboleth 899 $aBIBLIOTECA DEL DIPARTIMENTO DI MATEMATICA E FISICA$1IT-CE0120$2VAN08 912 $fN 912 $aVAN0190214 950 $aBIBLIOTECA DEL DIPARTIMENTO DI MATEMATICA E FISICA$d08CONS e-book 3186 $e08eMF3186 20210722 996 $aMechanics and Thermodynamics$91832319 997 $aUNICAMPANIA LEADER 02752nam0 22005293i 450 001 VAN00157318 005 20240806100959.895 017 70$2N$a9783319263243 100 $a20210611d2016 |0itac50 ba 101 $aeng 102 $aCH 105 $a|||| ||||| 200 1 $aAdvanced Materials$eManufacturing, Physics, Mechanics and Applications$fIvan A. Parinov, Shun-Hsyung Chang, Vitaly Yu. Topolov editors 210 $aCham$cSpringer$d2016 215 $axxv, 707 p.$cill.$d24 cm 410 1$1001VAN00132747$12001 $aSpringer Proceedings in Physics$1210 $aBerlin [etc.]$cSpringer$v175 500 1$3VAN00157320$aAdvanced Materials : Manufacturing, Physics, Mechanics and Applications$9802490 606 $a74Exx$xMaterial properties given special treatment [MSC 2020]$3VANC031125$2MF 606 $a74S05$xFinite element methods applied to problems in solid mechanics [MSC 2020]$3VANC029132$2MF 606 $a82D45$xStatistical mechanical studies of ferroelectrics [MSC 2020]$3VANC036150$2MF 606 $a82D80$xStatistical mechanical studies of nanostructures and nanoparticles [MSC 2020]$3VANC034005$2MF 610 $aApplications of advanced materials$9KW:K 610 $aMechanics of advanced materials$9KW:K 610 $aModeling technologies for materials and devices$9KW:K 610 $aPhenma2015 proceedings$9KW:K 610 $aPhysics of advanced materials$9KW:K 610 $aProcessing techniques of advanced materials$9KW:K 620 $aCH$dCham$3VANL001889 702 1$aChang$bShun-Hsyung$3VANV106693 702 1$aParinov$bIvan A.$3VANV106694 702 1$aTopolov$bVitaly Y.$3VANV096784 712 12$aInternational conference on Physics, mechanics of new materials and their applications$f2015$eAzov, Russia$3VANV140654 712 $aSpringer $3VANV108073$4650 790 1$aParinov, I. A.$zParinov, Ivan A.$3VANV201133 790 1$aParinov, I.A.$zParinov, Ivan A.$3VANV201134 790 1$aParinov, Ivan Anatol'evi?$zParinov, Ivan A.$3VANV235020 790 1$aTopolov, Vitaly Yu$zTopolov, Vitaly Y.$3VANV100329 790 1$aTopolov, V. Y.$zTopolov, Vitaly Y.$3VANV103711 790 1$aTopolov, V.Y.$zTopolov, Vitaly Y.$3VANV213227 801 $aIT$bSOL$c20241115$gRICA 856 4 $uhttp://doi.org/10.1007/978-3-319-26324-3$zE-book ? Accesso al full-text attraverso riconoscimento IP di Ateneo, proxy e/o Shibboleth 899 $aBIBLIOTECA DEL DIPARTIMENTO DI MATEMATICA E FISICA$1IT-CE0120$2VAN08 912 $fN 912 $aVAN00157318 950 $aBIBLIOTECA DEL DIPARTIMENTO DI MATEMATICA E FISICA$d08DLOAD e-book 2645 $e08eMF2645 20210611 996 $aAdvanced materials$9802490 997 $aUNICAMPANIA LEADER 02945nam2 22006133i 450 001 VAN00295581 005 20250731095515.320 017 70$2N$a9783034891738 100 $a20250626d1996 |0itac50 ba 101 $aeng 102 $aCH 105 $a|||| ||||| 181 $ai$b e 182 $ab 183 $acr 200 1 $aˆ[2]: ‰Geometry, analytic function theory$fEdited by A. N. Kolmogorov, A. P. Yushkevich$gTranslated from the russian by Roger Cooke 210 $aBasel$cBirkhäuser$d1996 215 $ax, 291 p.$cill.$d24 cm 461 1$1001VAN00295580$12001 $aMathematics of the 19. Century$fedited by A. N. Kolmogorov, A. P. Yushkevich$1210 $aBasel$cBirkhäuser$d1992-1996$1215 $a2 volumi$d24 cm$v2 500 1$3VAN00289126$aMatematika XIX veka: geometriya, teoriya analiticheskikh funktsii$94325513 606 $a01Axx$xHistory of mathematics and mathematicians [MSC 2020]$3VANC019751$2MF 610 $aArea$9KW:K 610 $aCongruence$9KW:K 610 $aGeometry$9KW:K 610 $aHistory of mathematics$9KW:K 610 $aHypergeometric functions$9KW:K 610 $aTopology$9KW:K 610 $aVolume$9KW:K 620 $aCH$dBasel$3VANL002076 702 1$aKolmogorov$bAndrei N.$3VANV019903$4340 702 1$aYushkevich$bAdolf P.$3VANV243970$4340 702 1$aCooke$bRoger$3VANV039762$4730 712 $aBirkhäuser $3VANV108193$4650 790 1$aKolmogorov, A. N.$zKolmogorov, Andrei N.$3VANV059827 790 1$aKolmogorov, Andrei Nikolaevich$zKolmogorov, Andrei N.$3VANV059826 790 1$aKolmogorov, A.N.$zKolmogorov, Andrei N.$3VANV247543 790 1$aYushkevich, Adolf Pavlovich$zYushkevich, Adolf P.$3VANV261343 790 1$aYushkevich, A. P.$zYushkevich, Adolf P.$3VANV261344 790 1$aYushkevich, A.P.$zYushkevich, Adolf P.$3VANV261345 790 1$aYushkevich, Adol?f-Andre? Pavlovich$zYushkevich, Adolf P.$3VANV261346 790 1$aYouschkevitch, A. P.$zYushkevich, Adolf P.$3VANV261347 790 1$aJuschkewitsch, A. P.$zYushkevich, Adolf P.$3VANV261348 790 1$aJuskevic, A. P.$zYushkevich, Adolf P.$3VANV261349 790 1$aYouschkevitch, Adolf P.$zYushkevich, Adolf P.$3VANV261350 790 1$aYouchkevitch, A. P.$zYushkevich, Adolf P.$3VANV261353 790 1$aJushkevich, Adolf P.$zYushkevich, Adolf P.$3VANV261354 801 $aIT$bSOL$c20260403$gRICA 856 4 $uhttps://doi.org/10.1007/978-3-0348-9173-8$zE-book ? Accesso al full-text attraverso riconoscimento IP di Ateneo, proxy e/o Shibboleth 899 $aBIBLIOTECA DEL DIPARTIMENTO DI MATEMATICA E FISICA$1IT-CE0120$2VAN08 912 $fN 912 $aVAN00295581 950 $aBIBLIOTECA DEL DIPARTIMENTO DI MATEMATICA E FISICA$d08DLOAD e-Book 12004 $e08eMF12004 20250731 996 $aMatematika XIX veka: geometriya, teoriya analiticheskikh funktsii$94325513 997 $aUNICAMPANIA